000 00335nam a22001337a 4500
999 _c5718
_d5716
005 20210831131032.0
008 180628b xxu||||| |||| 00| 0 eng d
041 _aeng
100 _aHEYWOOD, ANDREW
_96846
245 _aPOLITICAL THEORY AN INTRODUCTION
260 _aNEW YORK
_bMACMILLAN EDUCATION
_c1994
300 _a417p,
942 _cBK